000 00626nam a2200229Ia 4500
003 OSt
005 20220918202537.0
006 a|||||r|||| 00| 0
007 ta
008 220917b |||||||| |||| 00| 0 eng d
024 _a101,991
037 _cTextual
040 _aARTS
_cARTS
_beng
041 _2eng
_aeng
082 _aV218:73.M, J0 (=)
100 _aTorrey Charles C
_9104252
245 0 _aGold coins of Khokand and bhuukhara
260 _aN.Y
_bAmerican Numismatic Society
_c1950
650 _aHISTORY
942 _hV218:73.M, J0 (=)
_cTEXL
_2CC
999 _c225451
_d225451